Budoucnost Číny ve třech hlavních trendech
Trend stále nižšieho počtu ľudí v produktívnom veku v Číne. Čína ako líder v inováciách. Problém znečisťovania životného prostredia. Čínska spotreba vody. Hľadanie riešení na environmentálne problémy.
Enregistré dans:
| Auteur principal: | |
|---|---|
| Format: | Chapitre de livre |
| Langue: | tchèque |
| Sujets: | |
| Tags: |
Pas de tags, Soyez le premier à ajouter un tag!
|
MARC
| LEADER | 00000nla a2200000 4500 | ||
|---|---|---|---|
| 001 | 0196303 | ||
| 005 | 20240417075052.5 | ||
| 041 | 0 | |a cze | |
| 044 | |a CZ | ||
| 245 | 1 | 0 | |a Budoucnost Číny ve třech hlavních trendech |c Alice Rezková |
| 520 | |a Trend stále nižšieho počtu ľudí v produktívnom veku v Číne. Čína ako líder v inováciách. Problém znečisťovania životného prostredia. Čínska spotreba vody. Hľadanie riešení na environmentálne problémy. | ||
| 610 | 2 | 0 | |a ochrana prostredia životného |
| 610 | 2 | 0 | |a voda |
| 610 | 2 | 0 | |a populácia |
| 610 | 2 | 0 | |a inovácia |
| 610 | 2 | 0 | |a rast hospodársky |
| 610 | 2 | 0 | |a Čína |
| 100 | 1 | |a Rezková, Alice | |